Cycliste français 2026 - Statistiques

Statistiques générales
  • Ce quiz a été pris 27 fois
    8 depuis la dernière actualisation
  • Le résultat moyen est 44 sur 106
Statistiques - réponses
Équipe Coureur % Correct
Picnic Barguil
100%
Ef Baudin
100%
Lidl trek Bernard
100%
Visma Laporte
100%
Groupama Martin
100%
Bahrain Martinez
100%
Decathlon Seixas
100%
Visma Armirail
88%
COFIDIS Coquard
88%
UAE Cosnefroy
88%
Ineos Godon
88%
Groupama Grégoire
88%
Decathlon Lapeira
88%
Ineos Laurance
88%
Alpecin Sénéchal
88%
UAE Sivakov
88%
Ineos Vauquelin
88%
Unibet Venturini
88%
Visma Zingle
88%
Tudor Alaphilippe
75%
Astana Champoussin
75%
Groupama Costiou
75%
Groupama Gaudu
75%
Decathlon Prodhomme
75%
Visma Barré
63%
Total Dujardin
63%
Total Jegat
63%
Soudal Magnier
63%
Unibet Maire
63%
Tudor Rondel
63%
Lotto Veistroffer
63%
Decathlon Bisiaux
50%
Lotto Grisel
50%
NSM Hofstetter
50%
Unibet Lafay
50%
Decathlon L'Hote
50%
NSM Louvel
50%
Decathlon | Soudal Paret peintre
50%
Total Turgis
50%
Groupama Berthet
38%
Bora Boichis
38%
Total Bouchard
38%
Groupama Braz Afonso
38%
Total Burgaudeau
38%
Picnic Faure prost
38%
Q36.5 Houcou
38%
Groupama Huens
38%
Decathlon Isidore
38%
Total Jeannière
38%
Decathlon Labrosse
38%
Groupama Madouas
38%
Groupama Molard
38%
Groupama Pacher
38%
Groupama Paleni
38%
Groupama Penhoet
38%
COFIDIS Renard
38%
COFIDIS Thomas
38%
Total Vercher
38%
Groupama Barthe
25%
Groupama Cavagna
25%
COFIDIS Charret
25%
COFIDIS Debeaumarché
25%
Total Delettre
25%
Decathlon Gautherat
25%
Groupama Gruel
25%
COFIDIS Izquierdo
25%
Groupama Le gac
25%
COFIDIS Ourselin
25%
Groupama Rochas
25%
Groupama Russo
25%
Total Tesson
25%
COFIDIS Touzé
25%
Unibet Augé
13%
Total Bonnet
13%
Total Boulahoite
13%
Total Brunel
13%
Total Dauphin
13%
Groupama Decomble
13%
Groupama Donnenwirth
13%
Total Doubey
13%
COFIDIS Ferron
13%
Groupama Fontaine
13%
Total Gachignard
13%
Total Grellier
13%
Total Guernalec
13%
COFIDIS Joalland
13%
Total Jousseaume
13%
Total Le berre
13%
COFIDIS Maisonoble
13%
Total Manzin
13%
COFIDIS Page
13%
Picnic Renard haquin
13%
Total Retailleau
13%
COFIDIS Rouland
13%
Total Thierry
13%
Groupama Tronchon
13%
Unibet Verschuren
13%
Total Breuillard
0%
Total Delbove
0%
Total Leroux
0%
Total Leveque
0%
Total Marcerou
0%
Groupama Rolland
0%
Unibet Savioz
0%
Total Vadic
0%
Aucun quiz correspondant
Distribution des résultats
% des personnes avec chaque résultat
Percentile par nombre de réponses
Votre historique - résultats
Vous n’avez pas pris ce quiz depuis la dernière actualisation